Letters That Don’t End a Country Name - Statistics

General Stats
  • This quiz has been taken 58 times
    42 since last reset
  • The average score is 6 of 8
Answer Stats
Letter % Correct
Z
85%
F
79%
X
79%
B
76%
W
70%
J
64%
V
58%
P
52%
No matching quizzes found
Score Distribution
Percent of People with Each Score
Percentile by Number Answered
Your Score History
You have not taken this quiz since the last reset